000
00272nam a2200121Ia 4500
008
231221s9999 xx 000 0 und d
041
_a
English
082
_a
001.6424JAV SYD
100
_a
Sydow, Dan Parks
245
0
_a
Jumping to Java
650
_a
Java
942
_c
CD
999
_c
202120
_d
202120